000 00437nmm a2200145Ia 4500
008 251105s9999||||xx |||||||||||||||||und||
041 _aspa
100 _aGatti, Gabriel (ed.)
245 0 _aDesapariciones: usos locales, circulaciones globales
264 _a[Bogotá, Colombia] :
_bSiglo del hombre,
_c2017
300 _a288 páginas
650 _aSociology
856 _uhttps://public.digitaliapublishing.com/a/48443
942 _cCF
999 _c106556
_d106556